El problema social (Record no. 53546)

MARC details
000 -LEADER
campo de control de longitud fija 00891nam a22002175i 4500
001 - NÚMERO DE CONTROL
campo de control 53546
003 - IDENTIFICADOR DE NÚMERO DE CONTROL
campo de control ES-MaACL
005 - FECHA Y HORA DE LA ÚLTIMA TRANSACCIÓN
campo de control 20250727062556.0
007 - CAMPO FIJO DE DESCRIPCIÓN FÍSICA--INFORMACIÓN GENERAL
campo de control de longitud fija t|
008 - DATOS DE LONGITUD FIJA--INFORMACIÓN GENERAL
campo de control de longitud fija 960520s1890 sp ||||1| spa d
040 ## - FUENTE DE CATALOGACIÓN
Centro catalogador/agencia de origen CLM
Lengua de catalogación spa
Centro/agencia transcriptor CCPB | SIC
100 1# - ENTRADA PRINCIPAL--NOMBRE DE PERSONA
Nombre de persona Fabra, Nilo María,
Fechas asociadas al nombre 1841-1903
9 (RLIN) 48523
245 13 - MENCIÓN DEL TÍTULO
Título El problema social
Resto del título : artículos publicados en la Ilustración Española y Americana /
Mención de responsabilidad, etc. Nilo María Fabra.
260 ## - PUBLICACIÓN, DISTRIBUCIÓN, ETC.
Lugar de publicación, distribución, etc. Madrid :
Nombre del editor, distribuidor, etc. Libería de Fernando Fe,
Fecha de publicación, distribución, etc. 1890 (
Fabricante Estab. tip. sucesores de Rivadeneyra)
300 ## - DESCRIPCIÓN FÍSICA
Extensión 84 p. ;
Dimensiones 18 cm.
505 8# - NOTA DE CONTENIDO CON FORMATO
Nota de contenido con formato Contiene : La revolución social. -- Después de la revolución social. -- La huelga de las mujeres y la anarquía. -- En plena anarquía. -- La restauración burguesa. -- Epílogo
650 07 - PUNTO DE ACCESO ADICIONAL DE MATERIA--TÉRMINO DE MATERIA
Término de materia o nombre geográfico como elemento de entrada Socialismo
Fuente del encabezamiento o término embne
9 (RLIN) 17147
852 ## - LOCALIZACIÓN
Ubicación ES-MaACL
Número de control de estantería B-13441
852 ## - LOCALIZACIÓN
Ubicación ES-MaACL
Número de control de estantería T-735-F-4
Holdings
Estatus retirado Estado de pérdida Estado de daño No para préstamo Colección Biblioteca de origen Biblioteca actual Ubicación en estantería Fecha de adquisición Fuente de adquisición Total de préstamos Signatura topográfica completa Código de barras Visto por última vez Precio de reemplazo Tipo de ítem Koha
        Colección de folletos Biblioteca del Ateneo de Madrid Biblioteca del Ateneo de Madrid Depósito folletos 09/04/2015     T-735-F-4 1193706 23/02/2023 23/02/2023 Folleto
        Libros del s. XIX Biblioteca del Ateneo de Madrid Biblioteca del Ateneo de Madrid Sala Pardo Bazán 17/01/2008     B-13441 1056267 23/02/2023 23/02/2023 Libro impreso antiguo